Avances en la investigación del sueño y sus trastornos /

Contiene: Marco conceptual; Bases biológicas del sueño; Ritmos biológicos y sueño; Técnicas de registro y evaluación del sueño; Trastornos del sueño; Disfunciones asociadas con el sueño; Técnicas de tratamiento de los trastornos del sueño.

Gardado en:
Detalles Bibliográficos
Autor Principal: Buela-Casal, Gualberto (autor)
Outros autores: Navarro Humanes, José Francisco (autor) (autor)
Formato: Libro
Idioma:Lingua castelá
Publicado: Madrid, España : Siglo XXI, 1990, c1990
Temas:
Etiquetas: Engadir etiqueta
Sen Etiquetas, Sexa o primeiro en etiquetar este rexistro!

MARC

LEADER 00000nam^a2200000^a^4500
001 000186701
005 20250521000000.0
009 20260310102236.673
020 |a 84-323-0677-0 
037 |a Acervo ITESO - Biblioteca 
041 |a ESP 
082 |a 616. 8498  |b BUE 
100 |a Buela-Casal, Gualberto  |e (autor) 
245 1 0 |a Avances en la investigación del sueño y sus trastornos /  |c G. Buela-Casal, J.F. Navarro Humanes. 
264 4 |a Madrid, España :  |b Siglo XXI,  |c 1990, c1990 
300 |a XXII, 458 p. 
336 |a texto  |b txt  |2 rdacontenido 
337 |a sin mediación  |b n  |2 rdamedio 
338 |a volumen  |b nc  |2 rdasoporte 
520 |a Contiene: Marco conceptual; Bases biológicas del sueño; Ritmos biológicos y sueño; Técnicas de registro y evaluación del sueño; Trastornos del sueño; Disfunciones asociadas con el sueño; Técnicas de tratamiento de los trastornos del sueño. 
649 |a XX 
650 |a Sueño y Dormir 
650 |a Biorritmos 
650 |a Sistema Nervioso Central 
650 |a Conciencia 
650 |a Evaluación Psicológica 
650 |a Trastornos del Sueño 
650 |a Trastornos Psicosomáticos 
650 |a Psicopatología 
650 |a Psicoterapia 
650 |a Psicología Fisiológica 
650 |a Psicología Clínica 
700 |a Navarro Humanes, José Francisco  |e (autor) 
910 |a Fondo General 
920 |a Impresos - Libros 
930 |a Colección General 
905 |a 101 
901 |a 0500128317  |b IT1  |c ACC  |u 20250521 
902 |a https://opac.biblio.iteso.mx/vufind/Record/000186701